2011 Panduan telefon pelanggan perniagaan : Wilayah Persekutuan Kuala Lumpur.
| Corporate Author: | |
|---|---|
| Format: | Book |
| Published: |
Kuala Lumpur:
Kumpulan TM,
2011.
|
| Subjects: |
| LEADER | 00536cam a2200157 7i4500 | ||
|---|---|---|---|
| 001 | 0000026128 | ||
| 005 | 20110419090000.0 | ||
| 022 | 0 | 0 | |a 13948865 |
| 090 | 0 | 0 | |a M 910.259595 |b PAN |
| 110 | 2 | 0 | |a A TM Company |
| 245 | 2 | 0 | |a 2011 Panduan telefon pelanggan perniagaan : |b Wilayah Persekutuan Kuala Lumpur. |
| 260 | 0 | 0 | |a Kuala Lumpur: |b Kumpulan TM, |c 2011. |
| 300 | # | # | |a 220 p. |
| 650 | 0 | 0 | |a Telephone -- |x Directories -- |z Malaysia |
| 651 | 0 | 0 | |a Wilayah Persekutuan Kuala Lumpur, Malaysia |
| 999 | |a 0000028560 |b Directories |c Malaysia |e Business Information Centre | ||